000
00322nam a2200145Ia 4500
003
GCL
008
140319s9999 xx 000 0 eng d
040
_a
GCL /
_c
GCL
082
0
4
_a
M
_b
CAIRO
_b
5000
245
1
0
_a
LE KAIRE SCALE 1: 5000
260
_a
[S.N] :
_b
SURVEY
650
0
4
_a
MAPS
650
0
4
_a
CAIRO
942
_2
ddc
_c
MP
999
_c
25773
_d
25773